Представление документа в формате RUSMARC

ПолеНазваниеЗначение
  Тип записи a
  Библиографический уровень a
001 Контрольный номер RU/REG73/CBS_GRAD/8c17456b697e4fd4b482396c8ee74f9f
005 Дата корректировки 20260414140516.0
100 Данные общей обработки __
a Данные общей обработки 20260410a2026####|||c0rusy0189 ca
101 Язык документа 0_
a Язык текста rus
102 Страна публикации __
a Страна публикации RU
200 Заглавие и сведения об ответственности 1_
a Заглавие Шагнувшие в бессмертие
f Первые сведения об ответственности В. Табакова
e Сведения, относящиеся к заглавию создание в Ульяновском авиационном колледже мемориального комплекса по увековечиванию памяти выпускников, погибших при исполнении воинского долга в ходе проведения специальной военной операции
333 Примечание о целевом назначении __
a Примечание о целевом назначении 12+
461 Уровень набора _0
1 2000
a Мономах
463 Уровень физической единицы _0
1 2000
a № 2 (152) (апрель)
v С. 40-45
1 2101
d 2026
1 001RU/REG73/CBS_GRAD/027b20b7b5f44569932a95832e5ba47e
606 Тематические рубрики 0_
a Основная рубрика Специальная военная операция
610 Ключевые слова 0_
a Ключевые слова герои СВО, герои-ульяновцы на СВО, выпускники Ульяновского авиационного колледжа
700 Автор _1
a Фамилия Табакова
b Имя (инициалы) Л.
g Полное личное имя Людмила
801 Источник записи _0
a Страна RU
b Организация RuCBSGrad
c Дата составления 20260414
g Правила каталогизации RCR
801 Источник записи _1
a Страна RU
b Организация RuCBSGrad
c Дата составления 20260414
g Правила каталогизации RCR
852 Данные о местонахождении __
a Наименование организации МБУК ЦБС г. Димитровграда
901 Тип документа __
t Тип документа b
w Контрольный № источника RU/REG73/CBS_GRAD/027b20b7b5f44569932a95832e5ba47e
909 Создатель записи __
a Создатель записи Тенигина
b Дата создания записи 20260414